The Federation of German Industry in politics / (Record no. 36188)
[ view plain ]
| 000 -LEADER | |
|---|---|
| fixed length control field | 00837nam a22002651 4500 |
| 001 - CONTROL NUMBER | |
| control field | 36188 |
| 003 - CONTROL NUMBER IDENTIFIER | |
| rucl marc code | BD-RjUL |
| 005 - DATE AND TIME OF LATEST TRANSACTION | |
| control field | 20211209052440.0 |
| 008 - FIXED-LENGTH DATA ELEMENTS--GENERAL INFORMATION | |
| fixed length control field | 140617s1965 nyu b 000 0 eng d |
| 035 ## - SYSTEM CONTROL NUMBER | |
| System control number | (BD-RjUL)36285 |
| System control number | (OCoLC)236310 |
| 040 ## - CATALOGING SOURCE | |
| Original cataloging agency | DLC |
| Transcribing agency | ODaWU |
| Modifying agency | OCoLC |
| -- | NBrockU |
| -- | DLC |
| -- | BD-RjUL |
| Language of cataloging | eng |
| 041 ## - LANGUAGE CODE | |
| Language code of text/sound track or separate title | eng |
| 082 00 - DEWEY DECIMAL CLASSIFICATION NUMBER | |
| Classification number | 328.368 |
| Author mark and year | BRF 1965 |
| 100 1# - MAIN ENTRY--PERSONAL NAME | |
| Personal name | Braunthal, Gerard, |
| Dates associated with a name | 1923- |
| 9 (RLIN) | 110123 |
| 245 14 - TITLE STATEMENT | |
| Title | The Federation of German Industry in politics / |
| Statement of responsibility, etc. | Gerard Braunthal |
| 260 ## - PUBLICATION, DISTRIBUTION, ETC. (IMPRINT) | |
| Place of publication, distribution, etc. | Ithaca, N.Y. : |
| Name of publisher, distributor, etc. | Cornell University Press , |
| Date of publication, distribution, etc. | 1965. |
| 300 ## - PHYSICAL DESCRIPTION | |
| Pagination | xx, 389 p. ; |
| Size | 24 cm. |
| 504 ## - BIBLIOGRAPHY, ETC. NOTE | |
| Bibliography, etc | Bibliography: p. 365-380. |
| 610 20 - SUBJECT ADDED ENTRY--CORPORATE NAME | |
| Corporate name or jurisdiction name as entry element | Bundesverband der Deutschen Industrie. |
| 651 #0 - SUBJECT ADDED ENTRY--GEOGRAPHIC NAME | |
| Geographic name | Germany (West) |
| General subdivision | Politics and government. |
| 9 (RLIN) | 6529 |
| 942 ## - ADDED ENTRY ELEMENTS (KOHA) | |
| Source of classification or shelving scheme | Dewey Decimal Classification |
| Koha item type | Books |
| Lost status | Source of classification or shelving scheme | Damaged status | Not for loan | Collection code | Permanent Location | Current Location | Shelving location | Date acquired | Source of acquisition | Cost, normal purchase price | Total Checkouts | Full call number | Date last seen | Copy number | Koha item type |
|---|---|---|---|---|---|---|---|---|---|---|---|---|---|---|---|
| Dewey Decimal Classification | Not For Loan | Non-fiction | Central Library, University of Rajshahi | Central Library, University of Rajshahi | Reading Room | 04/05/1975 | Zeitlinger | 85.00 | 328.368 BRF 1965 | 17/06/2014 | C-1 | Books |